00325pab a2200133 454500008004000000100001700040245003000057260000900087300001300096362001100109650002000120650001700140773003400157180718b2015 xxu||||| |||| 00| 0 eng d aBhan, Gautam aMy name is Suzette Jordan c2015 ap.26-27. a28 Mar aJordan, Suzette aSexual abuse aEconomic and Political Weekly